|
|
|
|
| LEADER |
00000nam0a2200000 4500 |
| 001 |
112887 |
| 005 |
20231031121649.0 |
| 035 |
|
|
|a (RuTPU)RU\TPU\book\122076
|
| 090 |
|
|
|a 112887
|
| 100 |
|
|
|a 20070403d1974 km y0rusy50 ca
|
| 101 |
1 |
|
|a rus
|a ger
|
| 102 |
|
|
|a RU
|
| 105 |
|
|
|a a z 001zy
|
| 200 |
1 |
|
|a Гальванотехника драгоценных металлов
|e пер. с нем.
|f А. Крузенштерн
|
| 210 |
|
|
|a Москва
|c Металлургия
|d 1974
|
| 215 |
|
|
|a 136 с.
|c ил.
|
| 320 |
|
|
|a Библиогр.: с. 128-134.
|
| 610 |
1 |
|
|a драгоценные металлы
|
| 610 |
1 |
|
|a гальванотехника
|
| 610 |
1 |
|
|a гальванические покрытия
|
| 610 |
1 |
|
|a электролитическое осаждение
|
| 610 |
1 |
|
|a серебрение
|
| 610 |
1 |
|
|a золочение
|
| 675 |
|
|
|a 621.357
|v 3
|
| 675 |
|
|
|a 621.7М21/23
|v 3
|
| 700 |
|
1 |
|a Крузенштерн
|b А.
|g Арвид
|
| 801 |
|
1 |
|a RU
|b 63413507
|c 20070403
|g PSBO
|
| 801 |
|
2 |
|a RU
|b 63413507
|c 20180618
|g PSBO
|
| 942 |
|
|
|c BK
|